[Event "WA Class Championships, Class B"]
[Site "Bellevue, WA"]
[Date "2023.11.26"]
[Round "6"]
[White "Davies, Cedric"]
[Black "Bimod, Karthik"]
[Result "1-0"]
[WhiteElo "1647"]
[BlackElo "1510"]
[Annotator "Davies,Cedric"]
[PlyCount "65"]
[EventDate "2023.11.25"]
[EventType "swiss"]
[EventRounds "6"]
[EventCountry "USA"]

{[%evp 0,65,20,13,35,35,34,2,16,-43,-43,-45,-18,-18,-14,-17,-4,-4,-26,-13,-4,7,43,42,26,4,4,-6,0,72,64,57,113,168,344,-9,51,22,158,158,182,187,463,472,615,79,130,126,67,18,110,0,134,134,533,683,840,792,29993,29994,29995,29996,29997,29996,29997,29998,29999,29999]} 1. e4 e6 2. Nf3 d5 3. e5 c5 4. b4 {The French Wing Gambit. This is the first time I've tried it in a tournament game. The idea is to give up a pawn to establish a strong central pawn chain.} cxb4 5. a3 Nc6 6. axb4 Bxb4 7. c3 Ba5 8. d4 Nge7 9. Bd3 {The gambit has done it's job. For the cost of a pawn, White has a solid pawn chain, a strong Bishop on d3 and possibly later a strong Bishop on a3. The position is about equal, but I prefer to play as White. The moves come more naturally and White has great chances to mount a kingside attack.} Bd7 10. Ba3 Qb6 11. O-O h6 {A good defensive move. If Black were to castle right away he could run into some trouble.} (11... O-O {For example:} 12. Ng5 g6 (12... h6 13. Nh7 Rfd8 14. Nf6+ gxf6 (14... Kh8 15. Bxe7 Nxe7 16. Nxd7 Rxd7 17. Qa4 Nc6 18. Bb5 $18) 15. Qg4+ Kf8 16. exf6 $18) 13. Qg4 Kg7 14. Qh4 h6 15. Nh3 $16) 12. Qd2 O-O 13. g4 $5 {Striking out at the h6 weakness with gusto! Perhaps better would have been to prepare further with moves like Ra2-b2, Kh1-Rg1, or even Bc2-Qd3. After playing this move, I started worrying of Black playing f6 or f5 and making use of the weakened f-file.} Rfe8 $2 {It makes sense to want to get out of the pin, but the move is too passive. Much better here is f6.} (13... f6 14. exf6 Rxf6 15. Ne5 Be8 16. Bxe7 Nxe7 17. g5 hxg5 18. Qxg5 Nc6 $15 {With this potential for Black, I now feel that my g4 move was premature.}) 14. g5 h5 15. g6 $1 {The pawn pushes on! I sacrifice another pawn to open up the g5 square for my Queen. My attack is starting to come together. I was getting gleeful here of my attacking prospects, while underestimating Nf5 as a defensive resource. I also wasn't thinking of the possibility of Black counterattacking in the center by Bxc3 or Nxd4. It's important in chess to be able to objectively evaluate a position. I bet many of us suffer from being overly optimistic of our own chances. I certainly believed I was a few moves away from a crushing position.} fxg6 ({Better is} 15... Nxg6 16. Qg5 ({And not} 16. Bxg6 fxg6 17. Qg5 Rf8 $1 18. Bxf8 Rxf8 19. Nh4 Qd8 $17) 16... Bxc3 17. Nxc3 Nxd4 18. Nxd4 Qxd4 19. Bxg6 fxg6 20. Ne2 $16) 16. Qg5 Rac8 $2 {The computer evaluation jumps from +1.2 to +4.3 for White after this move.} ({Better is} 16... Rf8 17. Nh4 Bxc3 18. Nxc3 Qxd4 19. Bxe7 Nxe7 20. Rad1 Qg4+ 21. Qxg4 hxg4 $16) 17. Nh4 $2 {Here I made a big mistake, wiping away all of my advantage, according to the computer. I of course saw the position after Bxg6 Qxg6 (Black move) Ng5 and the danger it posed, but I couldn't see a direct mate, or how to continue. So then I thought, maybe it's better to bring in another attacking piece, exchange knights on g6 and keep my Queen-Bishop battery. Here again, I'm thinking optimistically about my prospects, not seeing how he doesn't need to exchange knights and how well Nf5 works to block my Bishop. Nh4 is too slow and diverts the Knight away from its best square: g5} (17. Bxg6 Nxg6 18. Qxg6 {And Black can only stop mate by giving up their Queen. For example:} Ne7 19. Bxe7 Rxe7 20. Ng5 Ree8 21. Qf7+ Kh8 22. Qxh5+ Kg8 23. Re1 $1 {What I couldn't see in my head before playing Nh4. The Rook comes into the attack to deliver the decisive blow} Qb2 24. Qf7+ Kh8 25. Re3 {And Black can only stop mate with Qc1+ and Qxe3}) 17... Nf5 18. Nxg6 Nfxd4 {A complete shock! I was so focused on the kingside, I hasn't considered Black blowing apart the center. I want to give Black a ! for the idea, but not for the move as both Bxc3 and Ncxd4 are better options.} (18... Bxc3 $1 19. Nxc3 Ncxd4 20. Qxh5 Rxc3 21. Rfb1 $11 {The position is quite dynamic. Black is 2 pawns up and his counter attack is gaining momentum, but White can force a draw by repetition.} Qc7 22. Qh8+ Kf7 23. Qh5 Kg8) (18... Ncxd4 19. cxd4 Qxd4 20. Bxf5 exf5 21. Ne7+ Rxe7 {The Rook must take. Any King move leads to disaster.} 22. Bxe7 Bc7 23. Bf6 Qg4+ 24. Qxg4 hxg4 $18) 19. Qxh5 {The right thing to do is to ignore Black's sacrifice and continue on. Black is forced to spend the next move bringing the Knight back to its defensive post on f5, otherwise he will face disaster.} Nf5 ({For example:} 19... a6 $2 20. Nf8 $3 {Black has to give up material to avoid mate.} Nb4 (20... Nf5 21. Qh7+ Kf7 22. Qg6+ Kg8 23. Nxd7 $18) (20... Rxf8 21. Qh7+ Kf7 22. Bg6#) 21. cxb4 Nf5 22. Qh7+ Kxf8 23. bxa5+ Qc5 24. Rc1 $1 Qxa3 25. Nxa3 $18) 20. Ra2 {In the game I was feeling quite bummed at this point. It seemed to me that my attack had fizzled. That darned Knight was back on f5 blocking my Bishop and I had no good way to remove it. Black now has counterplay in the center. My e5 pawn is suddenly looking weak. I was also low on time. About 12 minutes left to make the next 20 moves. Again, it's important to be objective and not let emotions control your position. My attacking chances are still there. The computer here gives a +1.8 pawn advantage to White. So, I really should have been feeling better about my position than I was. I see that my Rooks aren't participating so I work towards activating them.} Qb3 $2 {Black has the idea to use his Queen along the 4th rank, but it's a mistake, as it ends up trapped and not able to participate in the defense of his position.} 21. Rb2 Qa4 22. c4 $2 {I saw that Black had put his Queen into a precarious position. If I play Bb5, the Queen has an escape square on e4. And if I play Bc2, the Queen can go to c4. So I hit on the idea, which I thought was brillant at the time, to play c4! He can't take, because if he does, he takes away his c4 escape square, and I can trap the Queen with Bc2. And if he doesn't take, I eliminate my weakness and undermine the f5 Knight by exchanging on d5. All well in good. But I should have calculated 2 levels deep to see that I could have indeed trapped the Queen from this position.} ({Much better is} 22. Bb5 Qe4 23. Nd2 $18 {And the Queen is trapped}) 22... Ncd4 23. cxd5 exd5 24. Bd6 {I only have around 5 minutes left to reach move 40. Here I wanted to play Rxb7, but after Black plays Rc7 he eliminates my attacking piece. My idea was Bd6 stops Rc7 and now he might play b6, blocking the Bishop from coming back to the defense, a small victory. I was also trying to tempt Black into exchanging away his f5 Knight.} b5 25. Kh1 {My queen's Rook has been activated, though maybe not to much effect. Now I work to activate the king's Rook on the g-file.} b4 $2 {This can't be the right move. The computer gives Nh6 with a slight edge to Black. After this move, the pendulum swings heavily in White's favor.} (25... Nh6 26. Ne7+ Rxe7 27. Bxe7 Ne6 28. Bg5 Qd4 29. Rb3 Nxg5 30. Qxg5 Nf7 $15) 26. Rg1 Bd8 $2 {A losing move, but Black was already in a losing position.} 27. Rxb4 Qc6 28. Rxd4 Nxd4 {With the Knight finally removed from f5, the end is near} 29. Ne7+ {A clearing sacrifice. I've waited a long time to utilize the b1-h7 diagnal.} Bxe7 30. Qh7+ Kf7 31. Rxg7+ Ke6 32. Qg6+ {Here Black resigned because it is mate next move} Bf6 33. Qxf6# {An intense battle. The opening gambit gave me extra space on the kingside from which to launch an attack, which I did. Black had chances to strike back in the center, which he also did. I was able to activate my Rooks to bring new pieces into the attack, and with one or two imprecise defensive moves by Black, emege victorious. I hope you enjoyed the game.} 1-0

[Event "WA Class Championships, Class D"]
[Site "Bellevue, WA"]
[Date "2023.11.26"]
[Round "6"]
[White "Haining, Breck"]
[Black "Ganesan, Vidur"]
[Result "1-0"]
[WhiteElo "1300"]
[BlackElo "1270"]
[Annotator "Breck Haining"]
[PlyCount "73"]
[EventDate "2023.??.??"]

{[%evp 0,73,13,25,108,67,84,76,75,50,83,54,63,36,36,26,81,49,61,29,27,31,31,29,47,18,19,-1,16,22,26,27,256,235,268,268,246,231,247,251,296,289,323,338,416,406,406,332,417,446,448,352,353,322,333,355,370,368,406,411,405,405,505,400,883,898,898,909,1041,1261,1307,1345,2452,29978,29981,29982]} 1. e4 g6 {The Modern Defense with 1.e4.  My son, Kyle, sometimes plays this defense as Black, a defense he learned from Ignacio Perez.  Since retirement I have started playing more often on Chess.com.  I usually play 1.g6 now when playing as Black, trying to play as I've seen my son play, but I only know the first few moves.  This is not a defense I typically encounter on Chess.com.} 2. d4 {I usually follow 1.e4 with 2.Nf3, 2.Nc3, or 2.Bc4, but I think my opponent intends to continue with the Modern Defense.  Thinking back to the many times I have been crushed on Chess.com playing this defense as Black, what comes to mind is the major mistake I think I make is to allow my opponents to grab too much space, so I launch out with 2.d4.} Bg7 {I've seen several people respond to 2.Bg7 with 3.f4, but this seems too aggressive to me.  I have also had opponents play 3.c4.  This seems better than 3.f4.  I think one would need to know lines better to play 3. c4 or 3.f4.} 3. Nc3 {3.Nc3 seems reasonable to me.} d6 {3.d6, okay, this was expected.  I don't really know how to play against this defense, but keep thinking "grab space."  I think about playing 4.Bc4, but don't like how I see play continuing.  I could play 4.Be2, which seems solid, but think at this point I want to allow my queen the freedom to move out along the diagonal.  4.Ng3 also seems solid, but depending on how my opponent plays I might want to try aggressively playing f4 before putting my knight on f3.} 4. Bd3 {The computer doesn't like this move at all.  The engine says I had a slight advantage before.  Now the game is equal.} Nd7 {I didn't expect 4.Nd7.  I think players usually go with 4.Nf6.  The engine says I have regained my slight advantage.} 5. Be3 {If higher level players are bothering to look at this game they're probably having a good chuckle and probably won't ready any further. I've given back my advantage.  Clearly I'm hoping to create a battery to capture Black's fianchettoed bishop.} e6 {Too passive, in my mind.} 6. f4 {I am emboldened and play 6.f4.} Ne7 7. Nf3 {Now 7.Nf3.} h6 {Again, too passive in my mind.} 8. Qd2 {I've prepared my battery and can castle either way, though I really have no thoughts of castling queen side.} a6 {A good move, but I think my opponent will run into problems as I am controlling more space.} 9. a4 {The engine likes castling king side better, but I plan to do so soon enough.} b6 10. O-O {My pieces are developed and I am happy enough with my position.} Bb7 11. b4 {The engine doesn't much like this move, but I'm not playing an engine, I'm playing a real person, and I think with this opponent 11.b4 is going to help me.  I'm grabbing more space.} Rc8 12. Ne2 {12.Ne2 is not a line the computer likes.  The engine thinks it is best to push a pawn, either 12.f5, 12.b5, or 12.e5.  I'm thinking clear space for my c pawn while brining my knight around for additional king side protection.} c5 13. bxc5 bxc5 14. c3 {The engine likes 14.Rab1 better, but 14. c3 is the next favored line.} Qc7 15. Rab1 Nb6 {... 15.Nb6 is a mistake.  I didn't see it right away, but soon enough.} 16. Qb2 {My opponent is going to lose a minor piece, no two ways about it.  I'm feeling much better about the game now.  My opponent is in a tough spot now.  He thinks for a long time.} Bxe4 {The computer likes 16.c4 a bit better, but I think my opponent has found the best continuation and have to applaud his decision.} 17. Bxe4 Nc4 18. Qc1 Nxe3 19. Qxe3 {I don't like losing my dark square bishop, but I'm still content with my play.  By my count I'm up two points.  The engine says I'm up just under two.} cxd4 20. cxd4 d5 21. Rfc1 Qa7 {17.Qd8, 17.Qd7, and 17.Qd6 are better choices.  I have enough defenders of the pawn on d4 and what I really want to do now is trade off more material.} 22. Rxc8+ Nxc8 23. Bd3 {I retreat.   The engine says 23.Bxg6 is much better.} (23. Bxg6 {[%eval 341,0]} O-O {[%eval 342,0]} (23... fxg6 24. Qxe6+ {[%eval 478,0]})) 23... Nb6 24. a5 Nd7 25. Qd2 {The engine likes 25.Bg6 much better.  I guess that pawn on e6 is pretty weak.  My plan is to go after the a pawn after putting my king in the corner.  My pawn on d4 is still protected well, but I want to free up my knights.} O-O {Better late than never? Kids, don't try this at home.  Castle earlier.} 26. Kh1 {I feel better with my king in the corner, but the computer says this wasn't such a good move.  26.Qc1, 26.Qc2, and 26.Qc3 are all considerably better moves.} Rc8 27. Ne5 {The engine agrees, this is the best move.} Nxe5 28. fxe5 {Yeah!  The engine agrees I took back the right way!} h5 {The computer does not like this move.  More importantly, I don't like this move.  My opponent is not playing a computer.  He's playing me. Advancing this pawn makes me a bit nervous.  Now I don't lke where my king is so well.  I'm okay, but need to pay attention and strive not to blunder.} 29. Rb6 {Best move, but it is fairly obvious.} Qc7 30. Bxa6 Rb8 {Trading off rooks seems like an even trade, but I come out in a much better position.  The engine adds 1.7 to my advantage.} 31. Qb2 {Unknowingly, I give up most of that advantage.  Better would have been 31. Qc3.} Rxb6 {At this point my opponent has completely lost, but I don't think he knows it.  He fights on, which is commendable.  I could blunder, but I'm determined not to do so.} 32. axb6 Qb8 33. b7 Bf8 34. Qb5 Be7 35. Qd7 Bd8 {The computer says mate in 18.  Ha, ha, ha.  Who can find a mate in 18? Do you want to try? Not me.} 36. Qc8 Qc7 37. b8=Q {Res.} 1-0

[Event "WA Class SCC Adult Swiss"]
[Site "Bellevue, WA"]
[Date "2023.11.25"]
[Round "4"]
[White "Louie, Henry"]
[Black "Christy, John"]
[Result "0-1"]
[WhiteElo "1310"]
[BlackElo "1472"]
[Annotator "John Christy"]
[PlyCount "56"]
[EventDate "2023.09.28"]
[EventCountry "USA"]

{[%evp 0,56,19,38,40,41,66,66,57,33,33,38,58,66,75,71,59,40,28,21,62,37,43,67,58,38,40,34,62,36,41,48,61,50,72,41,93,113,116,118,162,158,172,174,176,79,99,-284,-481,-532,-507,-29993,-29994,-29995,-29996,-29997,-29998,-29999,-29999]} 1. e4 c5 2. Nf3 d6 3. d4 cxd4 4. Nxd4 Nf6 5. Nc3 a6 6. Bg5 h6 $6 7. Bxf6 gxf6 8. Qd2 Nc6 9. O-O-O h5 10. Kb1 Bh6 11. Qd3 Ne5 12. Qe2 Bg4 13. f3 Bd7 14. Qf2 Rc8 15. Nf5 Bxf5 16. exf5 Qd7 17. Bd3 Rxc3 18. bxc3 Nxd3 19. cxd3 Qb5+ 20. Qb2 Qxf5 21. Qxb7 O-O 22. Qe4 $11 Rb8+ 23. Kc2 $4 {the losing blunder!} Qa5 $3 24. Ra1 Rc8 25. c4 $4 Qd2+ 26. Kb3 Rb8+ {[#] Henry actually resigned here. Checkmate is unstoppable, Henry knew it; and resigned.} 27. Qb7 {these are various variations, it's a mating attack} (27. Ka3 Qb4#) (27. Ka4 Qb4#) 27... Rxb7+ 28. Ka3 (28. Ka4 Qb4#) 28... Qb4# 0-1

[Event "WA Class Rapid Championship, Open"]
[Site "?"]
[Date "2023.11.25"]
[Round "4"]
[White "Tu, Robin"]
[Black "Boey, Chad"]
[Result "0-1"]
[WhiteElo "1777"]
[BlackElo "1716"]
[Annotator "Chad Boey"]
[PlyCount "28"]
[EventDate "2023.??.??"]
[EventType "rapid"]

{[%evp 0,28,26,22,22,-29,13,12,37,33,20,6,2,-199,-196,-172,-121,-122,-104,-147,-169,-188,-125,-314,-314,-1214,-1942,-29997,-29998,-29999,-29999] This game is inspired by Greco, my favorite player.} 1. e4 e5 2. f4 Nc6 3. Nf3 f5 $5 {Greco style} 4. exf5 e4 5. Ng5 $6 {5.Ne5 is slightly better} Nf6 6. Bc4 $4 d5 7. Be2 Bc5 8. Bh5+ Kf8 9. Nf7 $2 Qe8 10. Nxh8 Nxh5 11. d3 $2 Bxf5 12. g4 $4 exd3+ 13. Kd2 Qe3+ 14. Kc3 {I touch the d-pawn and almost took on c2. Then I noticed that ramming it into d2 was mate.} d2# {0-1 Black wins.} 0-1

[Event "WA Class Championships, Class A"]
[Site "Bellevue, WA"]
[Date "2023.11.26"]
[Round "5"]
[White "Wang, Leonardo"]
[Black "Boey, Chad"]
[Result "0-1"]
[WhiteElo "1708"]
[BlackElo "1756"]
[Annotator "Chad Boey"]
[PlyCount "46"]
[EventDate "2023.??.??"]

{[%evp 0,46,38,30,38,-9,-3,4,45,45,25,7,19,19,15,-7,7,-10,30,36,27,-21,2,-32,-22,-17,-27,-18,-10,-15,-7,-10,-12,-25,-95,-614,-1509,-29989,-29990,-29991,-29992,-29995,-29996,-29997,-29996,-29997,-29998,-29999,-29999]} 1. d4 e6 {A waiting move. I want to see some clues to what white wants to do before I commit to ..d5 or ..f5 or ..Nf6. In the first round of this tournament, I committed to a Dutch defense early. The result of that game was a draw in 56 moves after five hours of play.} 2. c4 d5 3. Nc3 {Now it is decided, this will not be an exchange Slav that I see happening so often here.} c5 4. cxd5 exd5 5. e3 Nf6 6. Nf3 Nc6 7. Be2 Bd6 {7...cxd4 was also considered. After 8.Nxd4 Bd6 9.Ncb5 Bb8 I believe black's position is pleasant with chances for an attack later.} 8. O-O O-O 9. dxc5 Bxc5 10. Nb5 {A routine maneuver for the knight to land on the d4 square where it will blockade the isolated pawn.} Re8 11. Nbd4 Bg4 12. Nxc6 {This move I don't understand except that maybe white's long-term goal is to gang up on the weak c-pawn. The queen's knights are traded for no gain nor loss.} bxc6 13. b3 Qe7 14. Bb2 Ne4 {My only intention behind this move is to prevent white from exchanging another minor piece. I sensed an eagerness to simplify and I did not want to cooperate.} 15. Qc2 Rac8 16. Rfd1 {The first mistake of the game and as it turns out, a fatal one. White's heavy pieces have abandoned the delicate f2-e3 structure. I took a long think here to calculate.} Nxf2 $1 17. Kxf2 $4 {I calculated that this move leads to a mate in 7 so I dismissed it and assumed white would play instead 17.Qc3 to which I planned to respond with 17...d4. However, I overlooked the possibility of 18.Rxd4! which seems to hold white's position together. The resulting exchanges that would follow would result in a position where black is only a mere pawn up but in a dreadfully stale position.} Qxe3+ 18. Kg3 Qf2+ {The king! Always the king!} 19. Kxg4 Qxg2+ 20. Kh4 Bf2+ 21. Kh5 g6+ 22. Kh6 Be3+ 23. Ng5 Bxg5# 0-1